000 00506nam a2200181 a 4500
001 6637
003 CO-ViMGA
008 141112s2004 ck r 000 u spa d
040 _aCO-ViMGA
_bspa
_cCO-ViMGA
082 0 4 _a686.282 M611
100 1 _aMobarak Abraham, Mónica
_95513
245 1 0 _aLectoescritura en caracteres gráficos para estudiantes ciegos
260 _aMexico :
_bTrillas,
_c1988
300 _a74 p : il
650 1 4 _aBRAILE
_948191
650 1 4 _aeducación ESPECIAL
_94158
942 _2ddc
_cBK
999 _c18606
_d18606